00791 a2200157 45000010006000000050017000060080041000230030015000640400040000790800073001192450084001922640032002763000019003085050281003271000025006083920320260407155651.0260407a1988 arg spa dAR-UNSa-BCEJYS aAR-UNSa-BCEJYSbspacAR-UNSa-BCEJYS a658.8xOrganización de mercados. Marketing. Ventas. Distribución10aMarketing estrategicopenfoque simbolico de la demanda y clave real del negocio 1aBuenos Aires :bTesisc1988 a330 p.c23 cm. aParte I: Conceptos clave : 1. La base del negocio - 2. Demanda - 3. Mercados - 4. Negocio - 5. Marketing estrategico - Parte II: Fundamnetos teoricos : 6. Modelos de decision del consumidor - 7. El universo simbolico - 8. La naturaleza psicologica - 9. El fenomeno del consumo1 aWilensky, Alberto L.